Normal view
MARC view
- FILL, E,WITTE, K. J,BREDERLOW, G
Entry Personal Name
001 - CONTROL NUMBER
- control field: 74133
003 - CONTROL NUMBER IDENTIFIER
- control field: NUST
005 - DATE AND TIME OF LATEST TRANSACTION
- control field: 20210628205136.0
008 - FIXED-LENGTH DATA ELEMENTS
- fixed length control field: 210628|| aca||aabn | a|a d
040 ## - CATALOGING SOURCE
- Original cataloging agency: NUST
- Transcribing agency: NUST
100 ## - HEADING--PERSONAL NAME
- Personal name: FILL, E,WITTE, K. J,BREDERLOW, G
670 ## - SOURCE DATA FOUND
- Source citation: Work cat.: (NUST): FILL, E,WITTE, K. J,BREDERLOW, G, THE HIGH POWER IODINE LASER WITH 46 FIGURES, 1983
